| 000 | 00818nam a22002777a 4500 | ||
|---|---|---|---|
| 003 | CHAP | ||
| 005 | 20220329140003.0 | ||
| 008 | 971013s1974 r 00010 d | ||
| 010 | _a45113 | ||
| 011 | _a46085 | ||
| 035 | _a50225 | ||
| 040 | _cCHAP | ||
| 082 |
_a465 _bR4 |
||
| 100 | 0 | 0 |
_aReal Academia Española. _994932 |
| 245 | _aEsbozo de una nueva gramática de la lengua española | ||
| 260 |
_aMadrid : _bReal Academia, _c1974 |
||
| 300 | _a592 p. | ||
| 590 |
_aBATCH-UPD _b10 _c20130110 _lUCH01 _h1951 |
||
| 590 |
_aBATCH-UPD _b10 _c20130410 _lUCH01 _h1312 |
||
| 590 |
_aBATCH-UPD _b10 _c20130914 _lUCH01 _h1321 |
||
| 590 |
_aCONVERSION _b10 _c20130109 _lUCH01 _h1325 |
||
| 650 | 1 | 4 |
_aEspañol _xGramática. _937738 |
| 901 | _aBK | ||
| 942 | _cLIBRO | ||
| 949 |
_a465 R4 _bBC _cC _d33724002202090 _eC _h37036 _i50225 _si |
||
| 999 |
_c45113 _d45113 |
||